Interestelar (Registro nro. 301606)
[ vista simple ]
| 000 -ENCABEZADO | |
|---|---|
| Número de control [NR] | 01564 a2200265 4500 |
| 005 - FECHA Y HORA DE LA ÚLTIMA TRANSACCIÓN | |
| control field | 20151023143743.0 |
| 008 - DE LONGITUD FIJA DE DATOS DE ELEMENTOS - INFORMACIÓN GENERAL | |
| Elementos de longitud fija [NR] | 151023m20142015xxu||||gs|||| 00| 0 eng d |
| 040 ## - FUENTE DE CATALOGACION [NR] | |
| Agencia de catalogación original [NR] | CO-BoUCM |
| Quien Cataloga | Sandra Palacio |
| Quien Clasifica | Sandra Palacio |
| Idioma de catalogación [NR] | spa |
| 041 0# - CODIGO DE IDIOMA [R] | |
| Código de idioma para texto/pista de sonido o título separado [R] | Inglés |
| 092 ## - SIGNATURA TOPOGRAFICA LOCAL | |
| Número de clasificación local | DVD 1520 |
| 100 1# - ASIENTO PRINCIPAL--NOMBRE PERSONAL [NR] | |
| Nombre personal [NR] | Nolan, Christopher |
| ID Autoridad | 72745 |
| 245 1# - MENCION DE TITULO [NR] | |
| Título [NR] | Interestelar |
| 260 ## - PUBLICACION, DISTRIBUCION, ETC. (PIE DE IMPRENTA) [R] | |
| Fecha de publicación, distribución, etc. [R] | 2014 |
| Nombre del editor, distribuidor, etc. [R] | Warner Bros |
| Lugar de publicación, distribución, etc. [R] | Hollywood (Los Ángeles, California) |
| 300 ## - DESCRIPCION FISICA [R] | |
| Extensión [R] | 1 DVD (168 min) |
| 508 ## - NOTA DE CREDITOS DE CREACION/PRODUCCION [R] | |
| Nota de créditos de creación/producción [NR] | Dirigido por Christopher Nolan; producido por Christopher Nolan; Jonathan Nolan; Emma Thomas; escrito por Jonathan Nolan y Christopher Nolan; productores ejecutivos Jordan Goldberg, Jake Myers, Kip Thorne y Thoms Tull, director de fotografía Hoytema Van Hoytema; editado por Lee Smith |
| 520 ## - NOTA DE RESUMEN, ETC. [R] | |
| Nota de sumario, etc. [NR] | En un futuro cercano, la Tierra ha sido devastada por la sequía y la hambruna. La humanidad lucha por sobrevivir, cuando un misterioso agujero de gusano se abre en un punto del sistema solar. Entonces un grupo de exploradores se aventura en un viaje interestelar en búsqueda de un planeta que pueda albergar vida. Tomado de: http://www.imdb.com/ |
| 546 ## - NOTA DE IDIOMA [R] | |
| Nota de idioma [NR] | Audio en Inglés, Francés y Español. Subtítulos en Inglés, Francés y Español |
| 650 #7 - ASIENTO SECUNDARIO DE MATERIA - TERMINO TEMATICO [R] | |
| 9 (RLIN) | 72052 |
| Término temático o nombre geográfico como elemento de entrada [NR] | Ambiente espacial |
| 650 #7 - ASIENTO SECUNDARIO DE MATERIA - TERMINO TEMATICO [R] | |
| 9 (RLIN) | 7587 |
| Término temático o nombre geográfico como elemento de entrada [NR] | Espacio exterior |
| 650 #7 - ASIENTO SECUNDARIO DE MATERIA - TERMINO TEMATICO [R] | |
| 9 (RLIN) | 7903 |
| Término temático o nombre geográfico como elemento de entrada [NR] | Películas cinematográficas |
| Subdivisión de forma [R] | DVD |
| 690 ## - ASUNTO AGREGADO LOCAL DE ENTRADA - TÉRMINO TEMÁTICO (OCLC, RLIN) | |
| 9 (RLIN) | 42805 |
| Acceso temático local | Entretenimiento |
| 700 ## - ASIENTO SECUNDARIO - NOMBRE PERSONAL [R] | |
| Nombre personal [NR] | Nolan, Jonathan |
| 9 (RLIN) | 72746 |
| 856 ## - LOCALIZACION Y ACCESO ELECTRONICOS [R] | |
| Identificador Uniforme del Recurso (“URI”) [R] | <a href="https://www.youtube.com/watch?v=zSWdZVtXT7E">https://www.youtube.com/watch?v=zSWdZVtXT7E</a> |
| Nota dirigida al público [R] | Trailer tomado del canal Warner Bros. UK vía YouTube.com |
| 942 ## - ELEMENTOS DE ENTRADA AGREGADOS (KOHA) | |
| Source of classification or shelving scheme | LOCAL |
| Tema principal | Entretenimiento |
| Koha item type | Multimedia |
| Edition | 1 |
| Suprimido | Perdido | Dañado | No prestable | Tipo de ítem específico | Ubicación habitual | Ubicación actual | Localización | Fecha de creación | Proveedor | Forma de adquisición | Costo | Signatura topográfica | Código de barras | Última vez visto | Ejemplar | Costo de reposición | Price effective from | Tipo de ítem | Total préstamos | Total Renewals | Fecha de último préstamo |
|---|---|---|---|---|---|---|---|---|---|---|---|---|---|---|---|---|---|---|---|---|---|
| DVD | Claustro | Claustro | Colección digital | 05/11/2015 | DVD 1520 | 100148198 | 10/12/2024 | Ej.2 | 05/11/2015 | Multimedia | 12 | 10 | 26/08/2017 | ||||||||
| DVD | Claustro | Procesos Técnicos (no para préstamo) | Procesos Técnicos | 14/10/2015 | 15 | Compra | 37821.00 | DVD 1520 | 100147970 | 09/12/2025 | Ej.1 | 37821.00 | 14/10/2015 | Multimedia |